Exercises in graphic communication: Interpretation of technical and engineering drawing (Record no. 65059)

000 -LEADER
fixed length control field 00475nam a22001697a 4500
003 - CONTROL NUMBER IDENTIFIER
control field NUST - PNEC
005 - DATE AND TIME OF LATEST TRANSACTION
control field 20170116180905.0
008 - FIXED-LENGTH DATA ELEMENTS--GENERAL INFORMATION
fixed length control field 150902b xxu||||| |||| 00| 0 eng d
020 ## - INTERNATIONAL STANDARD BOOK NUMBER
International Standard Book Number 017771039X
040 ## - CATALOGING SOURCE
Transcribing agency LIBRARY
082 ## - DEWEY DECIMAL CLASSIFICATION NUMBER
Classification number 604.2 THO
100 ## - MAIN ENTRY--PERSONAL NAME
9 (RLIN) 6564
Personal name Thomson, R.
245 ## - TITLE STATEMENT
Title Exercises in graphic communication: Interpretation of technical and engineering drawing
Statement of responsibility, etc. R. Thomson
260 ## - PUBLICATION, DISTRIBUTION, ETC.
Date of publication, distribution, etc. 1971
650 ## - SUBJECT ADDED ENTRY--TOPICAL TERM
9 (RLIN) 6566
Topical term or geographic name entry element Technical drawing
General subdivision ME
942 ## - ADDED ENTRY ELEMENTS (KOHA)
Source of classification or shelving scheme
Koha item type Book
Holdings
Withdrawn status Lost status Source of classification or shelving scheme Damaged status Not for loan Permanent Location Current Location Shelving location Date acquired Total Checkouts Full call number Barcode Date last seen Price effective from Koha item type
          Pakistan Navy Engineering College (PNEC) Pakistan Navy Engineering College (PNEC)       604.2 THO PNECLIB-016988 09/02/2015   Book
© 2023 Central Library, National University of Sciences and Technology. All Rights Reserved.